000 00764nam a22002297a 4500
005 20130404121859.0
010 _aENG-105268
020 _a9788120345669
_c275.00
035 _aEN-88801
035 _aB-489846-849
037 _bDBAD / PUB
037 _bBSB/Ven
082 _a657.45
100 _aGomez, Clifford
245 _aAuditing and assurance :
_cby Clifford Gomez
_btheory and practice /
260 _aNew Delhi
_bPHI Learning
_c2012
270 _aM-97, Connaught Circus
_bNew Delhi
_e110001
300 _axxii,314p.
_c24cm(pbk)
500 _aIncludes bibliographical references and index.
942 _2ddc
_cEN
_mGOM
_h657.45
999 _c66603
_d66603